000 00534nam a2200193Ia 4500
005 20250923144810.0
008 008 250917s9999 xx 000 0 eng d
037 _aTextual
040 _aDSWL
_beng
_cDSWL
041 _aeng
_2eng
084 _aT3:M.Y, J4
_qDSWL
245 0 _aPlace of recreation in social education
_cEd. by S.C. Dutta
260 _aDelhi
_bIndianAdult Education Asso
_c1954
300 _a69p.
365 _aINR
_b1.50
925 _g1.50
942 _cTEXL
_hT3:M.Y, J4
999 _c1443478
_d1443478